000 00843cam a22002531 4500
001 s 48000007
003 DLC
005 20260227111912.0
008 751112s1946 onc 000 0 eng
010 _as 48000007
035 _a(OCoLC)1829643
040 _aDLC
_cDGW
_dOCoLC
_dDLC
050 0 0 _aQH1
_b.C13 no. 102
051 _aQL721
_b.A57
082 _a599
100 1 _aAnderson, Rudolph Martin,
_d1876-1961.
245 1 0 _aCatalogue of Canadian recent mammals.
260 _aOttawa,
_bE. Cloutier, Kings's Printer,
_c1946.
300 _av, 238 p.
_bmap.
_c25 cm.
490 1 _aCanada. National Museum, Ottawa. Bulletin
_vno. 102.
_aBiological series,
_vno. 31
650 0 _aMammals
_zCanada.
830 0 _aBulletin (National Museum of Canada),
_vno. 102.
830 0 _aBulletin (National Museum of Canada).
_pBiological series,
_vno. 31.
999 _c52789
_d52789